Cheekin kappaleita lyriikoiden mukaan - Statistics

Yleistilastot
  • Tätä visaa on pelattu 281 kertaa
  • Keskiarvotulos 7 / 15
Vastaustilastot
Sanat Kappale % Oikein
Jee, anna mun olla se mies mikskä mä halusin tulla Anna mun antaa se mitä sä halusit multa Mä tarvin tahtoa vaikeisiin hetkiin Mun täytyy lääkettä näihin paineisiin etsii Timantit on ikuisia
88%
Voisinks mä olla, olla, olla se sulle? Voisinks mä olla, olla, olla se sulle? Syypää sun hymyyn
85%
Nyt mä nään sut vastarannal yksin tsiigamassa Liekkeihin ja ihan paskan spiidaamas, vaik vilkutan et liikahdakaan Sillat
65%
Kuka siel o? Jea O-ee, jeh, MGI, Masku Nyt mennään, c'mon Runttaan kapakkaan taas, niinku Euroopan omistaja Liikun isoin elein, en tullu reunoja somistamaan Avaimet mun kiesiin
60%
Okkei Mä teen sen mitä mun tehtävä on Mä meen koska mun mentävä on Anna mä meen
52%
Ch-ch-ch-ch-ch Kautta kiven ja kannon Ja oman nimen mä vannon Et mä vien tän skenen Mitä tänne jää
51%
Whooa Ylpee mies oman egonsa vanki Ympäri maailmaa tääl lennossa taaskin Istun koneessa nainen mun vieressäni Pidän kädestä kiinni, sä mun mielessäni Parempi mies
51%
Ookkei Jatketaan siitä mihin viimeks jäätiin, jotain röyhkeetä Jos mä oisin sä
45%
Okei Nyt mä naulaan Suljen ympyrän, katkaisen noidankehän Kun saaga on valmis ei paremmin enää voida tehä Valot sammuu
44%
5th Element Lahti, beibe Cheek, vapaapäivä Sä tiedät miten me rullataan Raplaulajan vapaapäivä
31%
Perus edustajalle aina Viron matkan skulaa Mut mä oon Hawajilla Mauilla hiomassa brunaa Sit ne lähettävät noottii, mun on lähettävä kotiin Chekkonen
27%
Rahaa massii pätäkkää tuohta Ne ei mulle tuota tänäänkään huolta Pelaan sillä mitä kertyny on sukan varteen Tuhlaajapoika
25%
Mä kerron teille tän jutun aa Olin parasta aikaa elämäs elämäni parasta aikaa Tavoitellen sitä pientä palasta taivaast Niille joil on paha olla
23%
Se o herrasmiesliiga vitun mulkut Eksä tiedä kuka mä luulen olevani
12%
Uh, jes jes Punamuushii, lasiin lisää viinii kaada Se on 2012 sisäpiirigaala Löydät meidät sieltä minne jono vie Pyrkiny vähentään
7%
Ehtoja vastaavia visoja ei löytynyt
Tulosjakauma
Jokaisen tuloksen saaneiden osuus
Persentiili vastausten määrän mukaan
Tuloshistoriasi
Et ole pelannut tätä visaa